000 00411nam a22001817a 4500
008 240215b |||||||| |||| 00| 0 eng d
020 _a978939068002
040 _a30
082 _a615.53 SHA
100 _aSHAMKUWAR , MANOJ K
110 _bAYURVEDA
245 _aPANCHAKARMA SANGRAH
250 _a3 RD
260 _aVARANASI
_bCHAUKHAMBA
_c2022
300 _a322
650 _aPANCHAKARMA
942 _c01
999 _c58251
_d58251